Plánované a realizované BRI projekty na Slovensku
Ekonomické záujmy Číny sú podporované niekoľkými rastovými stratégiami. Dominuje tu najmä BRI. Hlavné projekty slúžiace k tomu, aby Slovensko bolo aktívnou súčasťou BRI. BRI na Slovensku sa rozvíja len pomaly. Na Slovensku pôsobí mnoho čínskych spoločností, ale málo čínskych investícií. Hodnota inve...
Saved in:
| Main Author: | |
|---|---|
| Other Authors: | |
| Format: | Book Chapter |
| Language: | Slovak |
| Subjects: | |
| Tags: |
No Tags, Be the first to tag this record!
|
MARC
| LEADER | 00000naa$a2200000$$$4500 | ||
|---|---|---|---|
| 001 | 0290071 | ||
| 005 | 20240502074442.1 | ||
| 041 | 0 | |a slo | |
| 044 | |a SK | ||
| 245 | 1 | 0 | |a Plánované a realizované BRI projekty na Slovensku |c Barbora Družbacká, Zuzana Kittová |
| 520 | |a Ekonomické záujmy Číny sú podporované niekoľkými rastovými stratégiami. Dominuje tu najmä BRI. Hlavné projekty slúžiace k tomu, aby Slovensko bolo aktívnou súčasťou BRI. BRI na Slovensku sa rozvíja len pomaly. Na Slovensku pôsobí mnoho čínskych spoločností, ale málo čínskych investícií. Hodnota investícií považovaných za súčasť BRI v rokoch 2013 až 2021. Posúdenie a závery investičných projektov v súvislosti s realizáciou BRI. | ||
| 610 | 2 | 0 | |a projekty investičné |
| 610 | 2 | 0 | |a spolupráca hospodárska medzinárodná |
| 610 | 2 | 0 | |a vzťahy hospodárske medzinárodné |
| 610 | 2 | 0 | |a politika |
| 610 | 2 | 0 | |a spoločnosti |
| 610 | 2 | 0 | |a investície |
| 610 | 2 | 0 | |a Čína |
| 610 | 2 | 0 | |a Slovensko |
| 100 | 1 | |a Družbacká, Barbora, 1995- | |
| 700 | 1 | |a Kittová, Zuzana, 1975- | |